PACKAGING OF PHARMACEUTICAL AND HEALTHCARE PRODUCTS (Record no. 32997)

MARC details
000 -LEADER
fixed length control field 00347nam a22001457a 4500
003 - CONTROL NUMBER IDENTIFIER
control field SGT
020 ## - INTERNATIONAL STANDARD BOOK NUMBER
International Standard Book Number 0-7514-0167-6
082 ## - DEWEY DECIMAL CLASSIFICATION NUMBER
Classification number 615.1
Item number LOC
100 ## - MAIN ENTRY--PERSONAL NAME
Personal name LOCKHART, H.
245 ## - TITLE STATEMENT
Title PACKAGING OF PHARMACEUTICAL AND HEALTHCARE PRODUCTS
260 ## - PUBLICATION, DISTRIBUTION, ETC. (IMPRINT)
Place of publication, distribution, etc INDIA
Name of publisher, distributor, etc BLACKIE PUB.
Year of Publication 2009
300 ## - PAGE DESCRIPTION
No. of Pages 2011
650 ## - SUBJECT ADDED ENTRY--TOPICAL TERM
Topical term or geographic name as entry element PHARMACEUTICAL
942 ## - ADDED ENTRY ELEMENTS (KOHA)
Source of classification or shelving scheme Dewey Decimal Classification
Koha item type Books
Holdings
Withdrawn status Lost status Source of classification or shelving scheme Damaged status Not for loan Collection code Home library Current library Shelving location Date acquired Vendor Name Cost, normal purchase price SGTU Bill Number Full call number Accession No. (Barcode) Date last seen Bill Date Koha item type
    Dewey Decimal Classification   Not For Loan SCIENCE SGT Science & Social Sciences Library SGT Science & Social Sciences Library Reference Book 29/10/2025 ABC 1995.00 SGTU 21721 615.1 LOC DP1183 29/10/2025 17/09/2025 Books
    Dewey Decimal Classification   Not For Loan SCIENCE SGT Science & Social Sciences Library SGT Science & Social Sciences Library Reference Book 29/10/2025 ABC 1995.00 SGTU 21721 615.1 LOC DP1184 29/10/2025 17/09/2025 Books